000
00266nam a2200109Ia 4500
008
210107s9999 xx 000 0 und d
100
_a
Girimaji, Pushpa
245
0
_a
Consumer Rights for everyone
260
_a
New Delhi
_b
Penguin Books
300
_a
460
942
_c
BK
999
_c
10448
_d
10448